| 000 | 00963cgm a2200277 4500 | ||
|---|---|---|---|
| 001 | B3032 | ||
| 008 | 090401t1986 xxu||||| |||| 00| 0 eng d | ||
| 035 | _a(Sirsi) u53649 | ||
| 041 | _aeng | ||
| 050 |
_a380.1 _c18 |
||
| 100 | _aSmyth, P. J. | ||
| 245 |
_aAuctioneering of chattels _h[sound recording] |
||
| 260 |
_aLondon _bRICS _c1986 |
||
| 300 | _a1 sound cassette (ca. 60 min.) | ||
| 350 | _a10 | ||
| 490 | _aOwlion Audio Programme | ||
| 520 | _aDeals primarily with disposals by auction and is intended to help surveyors in general practice who have to understand the routines in order to explain to clients how these procedures inter-relate with their estates as a whole. | ||
| 650 |
_aAuctioneering _96218 |
||
| 650 | _aCHATTELS | ||
| 690 |
_aAuctioneering _96218 |
||
| 700 | _aGowland, R. G. | ||
| 710 |
_aCollege of Estate Management _9400 |
||
| 710 |
_aRoyal Institution of Chartered Surveyors _94900 |
||
| 942 | _n0 | ||
| 948 | _c04/03/1997 | ||
| 999 |
_c85264 _d85264 |
||